|
|
|
|
| LEADER |
00000nab a2200000 a 4500 |
| 001 |
vtls000786010 |
| 003 |
SK-MaSNL |
| 005 |
20260302155046.0 |
| 008 |
180205c2002 xo 0 slo |
| 015 |
|
|
|a SNBRB2002/03-08741
|
| 035 |
|
|
|a CLN000137667
|
| 040 |
|
|
|a SNKBUCL
|b slo
|c SNKBUCL
|e AACR2
|
| 041 |
0 |
|
|a slo
|
| 044 |
|
|
|a xo
|c SK
|
| 080 |
|
|
|a 796.9.032.2(100)
|2 UDC-MRF-SK2
|
| 214 |
1 |
1 |
|a Devätnáste ZOH v Salt Lake City 8.-24. februára 2002
|
| 245 |
0 |
0 |
|a XIX. ZOH v Salt Lake City 8.-24. februára 2002
|
| 246 |
1 |
3 |
|a Devätnáste ZOH v Salt Lake City 8.-24. februára 2002
|
| 611 |
1 |
7 |
|a Zimné olympijské hry
|n (19. :
|d 2002 :
|c Salt Lake City, Utah)
|2 snkbucl
|9 464520
|
| 655 |
|
7 |
|a články z novín a časopisov
|2 snkbucl
|9 267496
|
| 773 |
0 |
|
|x 0139-7001
|t Šport
|g Roč. 56, č. 40 (16.2.2002), s. 26
|
| 850 |
|
|
|a Slovenská národná knižnica v Martine
|
| 852 |
|
|
|a SNK
|b KIS3GCP
|
| 958 |
|
|
|a RBX
|
| 999 |
|
|
|c 1370248
|d 1372178
|